[Event "EU-ch Schools U17 Girls"]
[Site "Limerick"]
[Date "2024.06.07"]
[Round "9"]
[White "Dumitrache, Elisa Andreea"]
[Black "Engel, Ecrin Tuana"]
[Result "0-1"]
[WhiteElo "1692"]
[BlackElo "1576"]
[PlyCount "94"]
[EventDate "2024.05.31"]
[EventType "tourn"]
[EventRounds "9"]
[EventCountry "IRL"]
[SourceTitle "CB24_2024"]
[SourceDate "2024.06.12"]
[SourceVersion "1"]
[SourceVersionDate "2024.06.12"]
[SourceQuality "1"]

1. e4 c5 2. Nc3 e6 3. f4 d5 4. Nf3 d4 5. Bb5+ Nd7 6. Ne2 a6 7. Bxd7+ Bxd7 8. d3 Bd6 9. 0-0 Ne7 10. Kh1 f5 11. e5 Bc7 12. c3 dxc3 13. bxc3 Bc6 14. d4 c4 15. Ng3 0-0 16. Ng5 Qd5 17. Qf3 Qxf3 18. Nxf3 Nd5 19. Ba3 Rfe8 20. Rac1 Nxf4 21. Ne1 Nd5 22. Nh5 g6 23. Nf4 Nxf4 24. Rxf4 Bd8 25. Rf2 Be4 26. Nf3 g5 27. Nd2 Bd3 28. Nf3 g4 29. Ne1 Be4 30. Rd1 Bh4 31. Re2 Bxe1 32. Rdxe1 Kg7 33. Kg1 h5 34. g3 Rad8 35. Rb2 Rd7 36. Bc5 h4 37. Re3 Rh8 38. Rf2 hxg3 39. Rxg3 Rh3 40. Bd6 Kg8 41. Ba3 Rdh7 42. Rxh3 Rxh3 43. Bb2 g3 44. Re2 g2 45. a3 Rd3 46. Re1 Rd2 47. Ba1 Ra2 0-1

[Event "EU-ch Schools U17 Girls"]
[Site "Limerick"]
[Date "2024.06.02"]
[Round "3"]
[White "Dumitrache, Elisa Andreea"]
[Black "Krzysztynska, Maria"]
[Result "0-1"]
[WhiteElo "1692"]
[BlackElo "1481"]
[PlyCount "66"]
[EventDate "2024.05.31"]
[EventType "tourn"]
[EventRounds "9"]
[EventCountry "IRL"]
[SourceTitle "CB24_2024"]
[SourceDate "2024.06.12"]
[SourceVersion "1"]
[SourceVersionDate "2024.06.12"]
[SourceQuality "1"]

1. e4 e5 2. Nc3 Nc6 3. f4 d6 4. Nf3 Be7 5. Bb5 exf4 6. d4 Bh4+ 7. Kf1 a6 8. Bxc6+ bxc6 9. Bxf4 g5 10. Nxh4 Qf6 11. Qf3 gxf4 12. e5 dxe5 13. dxe5 Qh6 14. Qf2 Ne7 15. Nf3 Rg8 16. Ne4 Nd5 17. Nf6+ Nxf6 18. exf6 Qxf6 19. Re1+ Be6 20. Qc5 0-0-0 21. Qxc6 Qxb2 22. Qxa6+ Kd7 23. Ne5+ Ke8 24. Qc6+ Kf8 25. Qc5+ Kg7 26. Nd3 Qf6 27. Qxc7 f3 28. Qg3+ Kh8 29. Qxf3 Qg7 30. Nf4 Bc4+ 31. Kg1 Qd4+ 32. Qe3 Qxe3+ 33. Rxe3 Rd1+ 0-1

[Event "ROM-ch U10 Girls"]
[Site "Calimanesti"]
[Date "2018.04.03"]
[Round "9"]
[White "Dumitrache, Elisa Andreea"]
[Black "Chira Jurj, Miruna Emilia"]
[Result "1-0"]
[WhiteElo "1043"]
[BlackElo "1001"]
[PlyCount "51"]
[EventDate "2018.03.27"]
[EventType "swiss"]
[EventRounds "9"]
[EventCountry "ROU"]
[SourceTitle "CBM 183 Extra"]
[Source "ChessBase"]
[SourceDate "2018.04.19"]
[SourceVersion "1"]
[SourceVersionDate "2018.04.19"]
[SourceQuality "1"]

1. d4 d5 2. Nf3 Nf6 3. Nc3 Nc6 4. Bf4 e6 5. e3 Bd6 6. Bxd6 Qxd6 7. Nb5 Qb4+ 8. c3 Qe7 9. Qb3 0-0 10. Qa3 Qd7 11. Ne5 Nxe5 12. dxe5 Ne4 13. Nxa7 c5 14. f3 b6 15. fxe4 Rxa7 16. Qb3 dxe4 17. Qxb6 Rd8 18. Qd6 Qxd6 19. exd6 Rxd6 20. Bb5 Ba6 21. c4 Bxb5 22. cxb5 Rad7 23. 0-0 Rd2 24. Rac1 Rxb2 25. Rxc5 Rdd2 26. Rc8+ 1-0